000 01472cam a2200349 a 4500
001 EDZ0000062233
003 StDuBDS
005 20161031105217.0
006 m||||||||d||||||||
007 cr |||||||||||
008 120307s2010 cau fo| 001|0|eng d
020 _a9780857021090 (ebook) :
_cNo price
040 _aStDuBDS
_beng
_cStDuBDS
_epn
049 _aAlfaisal Main Library
050 0 _aGF21
_b.S333 2010
082 0 4 _a304.2072
_223
245 0 4 _aThe SAGE handbook of qualitative geography
_h[electronic resource] /
_cedited by Dydia Delyser ... [et al.].
260 _aLos Angeles ;
_aLondon :
_bSAGE,
_cc2010.
300 _a1 online resource (xii, 431 p.)
504 _aIncludes bibliographical references and index.
520 8 _aHuman geography has always been grounded in what we now recognize as qualitative methods - in techniques of visual assessment, archival research, participant observation interviewing, and so on. This handbook is a key research tool for both beginning and advanced practitioners.
521 _aSpecialized.
588 _aDescription based on print version record.
650 0 _aHuman geography
_xMethodology.
650 0 _aQualitative research.
655 7 _aElectronic books.
_2local
700 1 _aDeLyser, Dydia.
710 2 _aSage eBooks
776 0 8 _iPrint version :
_z9781412919913
856 4 0 _uhttp://ezproxy.alfaisal.edu/login?url=http://sk.sagepub.com/reference/hdbk_qualgeography
942 _2lcc
_cEBOOKS
999 _c481751
_d481751